Catàleg del Col·legi de Periodistes de Catalunya

Libro Blanco de la Comunicación Interna de DIRCI : (Registre núm. 8042)

000 -CABECERA
Longitud fija campo de control 00789nam a22002533i 4500
001 - NÚMERO DE CONTROL
Número de control 991061498059206706
003 - IDENTIFICADOR DEL NÚMERO DE CONTROL
Identificador del número de control OSt
005 - FECHA Y HORA DE LA ÚLTIMA TRANSACCIÓN
Fecha y hora de la última transacción 20251118123240.0
006 - CÓDIGOS DE INFORMACIÓN DE LONGITUD FIJA - CARACTERÍSTICAS DEL MATERIAL ADICIONAL
Códigos de información de longitud fija - Caracter&íacute;sticas del material adicional m o d |
007 - CAMPO FIJO DE DESCRIPCIÓN FÍSICA
Campo fijo de descripción f&íacute;sica cr#cnu||||||||
008 - CÓDIGOS DE INFORMACIÓN DE LONGITUD FIJA
Códigos de información de longitud fija 250913s2025 xx o ||||0 spa d
020 ## - NÚMERO INTERNACIONAL NORMALIZADO PARA LIBROS
Número Internacional Normalizado para Libros (ISBN) 9788411661695
040 ## - FUENTE DE LA CATALOGACIÓN
Centro transcriptor CDMR
Lengua de catalogación cat
100 1# - PUNTO DE ACCESO PRINCIPAL-NOMBRE DE PERSONA
Nombre de persona Abrines, Marian.
245 10 - MENCIÓN DE TÍTULO
Título Libro Blanco de la Comunicación Interna de DIRCI :
Resto del título Todo lo Que Hay Que Saber Sobre la Disciplina y Sus Aplicaciones /
Mención de responsabilidad, etc. Marian Abrines, Laura Verazzi, and Jennifer Sproul
264 #1 - PRODUCCIÓN, PUBLICACIÓN , DISTRIBUCIÓN, FABRICACIÓN Y COPYRIGHT
Lugar de producción, publicación, distribución, fabricación Barcelona :
Nombre del productor, editor, distribuidor, fabricante Editorial UOC,
Fecha de de producción, publicación, distribución, fabricación o copyright 2025.
300 ## - DESCRIPCIÓN FÍSICA
Extensión 168 p.
490 1# - MENCIÓN DE SERIE
Mención de serie Manuales Series
650 #0 - PUNTO DE ACCESO ADICIONAL DE MATERIA - TÉRMINO DE MATERIA
9 (RLIN) 2798
Término de materia o nombre geográfico como elemento inicial Comunicació en l'empresa
700 1# - PUNTO DE ACCESO ADICIONAL - NOMBRE DE PERSONA
Nombre de persona Verazzi, Laura.
700 1# - PUNTO DE ACCESO ADICIONAL - NOMBRE DE PERSONA
Nombre de persona Sproul, Jennifer.
830 #0 - PUNTO DE ACCESO ADICIONAL DE SERIE - TÍTULO UNIFORME
Título uniforme Manuales Series
942 ## - ENTRADA DE ELEMENTOS AGREGADOS (KOHA)
Koha [por defecto] tipo de item Monografies
Fons
Suprimido Perdido Estropeado No para préstamo Localización permanente Localización actual Fecha adquisición Fuente de adquisición Coste, precio normal de compra Signatura completa Código de barras Fecha última consulta Fecha del precio de reemplazo Tipo de item de Koha
        Centre de Documentació Montserrat Roig Centre de Documentació Montserrat Roig 2025-11-18 Donació 18.00 Cm 3/67 CDMR25111258 2025-11-18 2025-11-18 Monografies

Implantat amb Koha